| 000 | 00561nam a22001937a 4500 | ||
|---|---|---|---|
| 999 |
_c527743 _d527743 |
||
| 003 | NUST | ||
| 005 | 20190807051746.0 | ||
| 008 | 190807b ||||| |||| 00| 0 eng d | ||
| 038 | _aMr. Noman | ||
| 082 | _a658 | ||
| 100 |
_aAhmad, Ayesha _919159 |
||
| 245 |
_aEntrepreneurial Performance is Determined by Motivation and Entrepreneurial Ability / _cAyesha Ahmad. |
||
| 260 |
_aIslamabad: _bNBS - NUST, _c2014. |
||
| 300 |
_a79 p,: ill.; _c30cm. |
||
| 500 | _aHardcover. | ||
| 650 |
_aMBA Thesis. _917629 |
||
| 700 |
_aSana Ahmed. _915772 |
||
| 942 |
_2ddc _cTHE |
||